MODUL AL-FAIZIN PENDIDIKAN ISLAM SPM 1223/1 : (Record no. 203545)

MARC details
000 -LEADER
fixed length control field 01194nam a2200277 i 4500
005 - DATE AND TIME OF LATEST TRANSACTION
control field 20260407144028.0
008 - FIXED-LENGTH DATA ELEMENTS--GENERAL INFORMATION
fixed length control field 260329t20252025my abo dr o000 0dmay d
020 ## - INTERNATIONAL STANDARD BOOK NUMBER
International Standard Book Number 9789674619947
Terms of availability RM35.00
Qualifying information paperback
040 ## - CATALOGING SOURCE
Original cataloging agency PPAK
Language of cataloging eng
Transcribing agency PPAK
Description conventions rda
082 04 - DEWEY DECIMAL CLASSIFICATION NUMBER
Edition number 23
Classification number 297.076
090 00 - LOCALLY ASSIGNED LC-TYPE CALL NUMBER (OCLC); LOCAL CALL NUMBER (RLIN)
Classification number (OCLC) (R) ; Classification number, CALL (RLIN) (NR) 297.076
Feature heading WAN
Feature heading R
100 0# - MAIN ENTRY--PERSONAL NAME
Personal name Wan Teh Sharifah Wan Lolok,
Relator term author.
245 10 - TITLE STATEMENT
Title MODUL AL-FAIZIN PENDIDIKAN ISLAM SPM 1223/1 :
Remainder of title HIMPUNAN CONTOH SOALAN DAN JAWAPAN /
Statement of responsibility, etc. Wan Teh Sharifah Wan Lolok, Muhammad Azizan Sabjan ; Editor Naskhah : Mohd Khairul Riza Tuan Mohd Yusop
264 #1 - PRODUCTION, PUBLICATION, DISTRIBUTION, MANUFACTURE, AND COPYRIGHT NOTICE
Place of production, publication, distribution, manufacture Pulau Pinang :
Name of producer, publisher, distributor, manufacturer Penerbit Universiti Sains Malaysia,
Date of production, publication, distribution, manufacture, or copyright notice 2025
Date of production, publication, distribution, manufacture, or copyright notice ©2025
300 ## - PHYSICAL DESCRIPTION
Extent x, 171 pages :
Other physical details illustrations, maps, photographs ;
Dimensions 30 cm
336 ## - CONTENT TYPE
Content type term text
Source rdacontent
337 ## - MEDIA TYPE
Media type term unmediated
Source rdamedia
338 ## - CARRIER TYPE
Carrier type term volume
Source rdacarrier
500 ## - GENERAL NOTE
General note Contains verses from the Qur'an and quotes from the Hadith.
650 10 - SUBJECT ADDED ENTRY--TOPICAL TERM
Topical term or geographic name entry element Islamic religious education
Form subdivision Problems, exercises, etc.
Topical term or geographic name entry element Government publications
Geographic subdivision Malaysia
700 0# - ADDED ENTRY--PERSONAL NAME
Personal name Muhammad Azizan Sabjan,
Titles and other words associated with a name Prof. Madya Dr.,
Relator term author.
Personal name Mohd Khairul Riza Tuan Mohd Yusop,
Relator term editor.
942 ## - ADDED ENTRY ELEMENTS (KOHA)
Source of classification or shelving scheme Dewey Decimal Classification
Koha item type Book
Holdings
Withdrawn Not for loan Current library Shelving location Date acquired Total Checkouts Full call number Barcode Date last seen Koha item type
  Not For Loan Perpustakaan Alor Setar Rujukan Dewasa 12/04/2026   R 297.076 WAN A01902508 12/04/2026 Book
  Not For Loan Perpustakaan Awam Sungai Petani Rujukan Dewasa 12/04/2026   R 297.076 WAN A01902509 12/04/2026 Book
  Not For Loan Perpustakaan Baling Rujukan Dewasa 12/04/2026   R 297.076 WAN A01902513 12/04/2026 Book
  Not For Loan Perpustakaan Bandar Baharu Rujukan Dewasa 12/04/2026   R 297.076 WAN A01902514 12/04/2026 Book
  Not For Loan Perpustakaan Jitra Rujukan Dewasa 12/04/2026   R 297.076 WAN A01902510 12/04/2026 Book
  Not For Loan Perpustakaan Kuala Nerang Rujukan Dewasa 12/04/2026   R 297.076 WAN A01902518 12/04/2026 Book
  Not For Loan Perpustakaan Kulim Rujukan Dewasa 12/04/2026   R 297.076 WAN A01902512 12/04/2026 Book
  Not For Loan Perpustakaan Langkawi Rujukan Dewasa 12/04/2026   R 297.076 WAN A01902511 12/04/2026 Book
  Not For Loan Perpustakaan Merbok Rujukan Dewasa 12/04/2026   R 297.076 WAN A01902515 12/04/2026 Book
  Not For Loan Perpustakaan Pendang Rujukan Dewasa 12/04/2026   R 297.076 WAN A01902519 12/04/2026 Book
  Not For Loan Perpustakaan Sik Rujukan Dewasa 12/04/2026   R 297.076 WAN A01902517 12/04/2026 Book
  Not For Loan Perpustakaan Yan Rujukan Dewasa 12/04/2026   R 297.076 WAN A01902516 12/04/2026 Book